Score 0/40 Timer 07:00
18 Plays Today
Number Character % Correct
1Rachel Berry
97%
2Finn Hudson
96.6%
8Noah 'Puck' Puckerman
93.6%
3Quinn Fabray
93.2%
13Sue Sylvester
91.6%
5Kurt Hummel
91.1%
10Brittany S. Pierce
91.1%
11Santana Lopez
88.1%
12Will Schuester
87.8%
6Mercedes Jones
87.1%
4Artie Abrams
86.8%
14Emma Pillsbury
82%
18Sam Evans
81.3%
7Tina Cohen-Chang
80.2%
9Mike Chang
80%
23Shannon Beiste
71.1%
17Burt Hummel
68.5%
29Blaine Anderson
67.7%
15Terri Schuester
66.3%
20Jesse St. James
65.8%
Number Character % Correct
33Becky Jackson
61.7%
16Principal Figgins
60.7%
24Sunshine Corazon
54.4%
27Lauren Zizes
51.1%
25April Rhodes
49.9%
22Ken Tanaka
44.7%
38Dave Karofsky
39.9%
19Matt Rutherford
38.5%
31Carole Hudson
37.4%
26Shelby Corcoran
36.2%
30Carl Howell
35.6%
21Jacob Ben Israel
34.2%
37Josh Groban
31.9%
28Sandy Ryerson
31.3%
39Jean Sylvester
30.1%
34Suzy Pepper
28.3%
32Bryan Ryan
26.3%
40Brad
24.6%
36Rod Remington
18.6%
35Kendra Giardi
15.1%
Remove Ads.
Support Sporcle.
Get the best of Sporcle when you Go Orange. This ad-free experience offers more features, more stats, and more fun while also helping to support Sporcle. Thank you for becoming a member.

You're not logged in!

Compare scores with friends on all Sporcle quizzes.
OR
Log In

Sporcle TV

Today on Sporcle TV


Watch our educational content, quiz creation guides, and fun videos on Sporcle TV.

Show Comments

Extras

Top Quizzes Today


Score Distribution

Paid Content

Your Account Isn't Verified!

In order to create a playlist on Sporcle, you need to verify the email address you used during registration. Go to your Sporcle Settings to finish the process.

Report this User

Report this user for behavior that violates our Community Guidelines.

Details: